[Event "7. Abierto Int. Carlos I Silgar 2015"]
[Site "Sanxenxo ESP"]
[Date "2015.06.28"]
[Round "9.7"]
[White "Alvarez Fernandez, Enrique"]
[Black "Lorenzo Duran, Marcos"]
[Result "1-0"]
[WhiteElo "2314"]
[BlackElo "2189"]
[PlyCount "67"]
[EventDate "2015.06.20"]
[EventType "swiss"]
[EventRounds "9"]
[EventCountry "ESP"]
[SourceTitle "Ajedrez en Madrid"]
[Source "lmi"]
[SourceDate "2015.06.20"]

1. d4 d5 2. Bg5 c6 3. e3 Qb6 4. Qc1 Bf5 5. Nf3 h6 6. Bh4 Nd7 7. c4 e6 8. c5 Qc7
9. Bg3 Qd8 10. Nc3 Ngf6 11. h3 Be7 12. Be2 O-O 13. O-O Ne4 14. Nxe4 Bxe4 15.
Nd2 Bg6 16. b4 Bf6 17. Qc3 Re8 18. f4 Be7 19. a4 f6 20. b5 e5 21. f5 Bf7 22.
bxc6 bxc6 23. Ba6 Qc7 24. Kh2 Bd8 25. Rab1 Qa5 26. Qxa5 Bxa5 27. Nb3 Bc3 28.
Bb7 Rab8 29. Bxc6 Re7 30. Rfc1 Rxb3 31. Rxb3 exd4 32. Bxd7 Rxd7 33. Rb8+ Kh7
34. c6 1-0

[Event "7. Abierto Int. Carlos I Silgar 2015"]
[Site "Sanxenxo ESP"]
[Date "2015.06.28"]
[Round "9.8"]
[White "Medarde Santiago, Luis Marcos"]
[Black "Patino Romaris, Juan Roberto"]
[Result "1-0"]
[WhiteElo "2273"]
[BlackElo "2185"]
[PlyCount "71"]
[EventDate "2015.06.20"]
[EventType "swiss"]
[EventRounds "9"]
[EventCountry "ESP"]
[SourceTitle "Ajedrez en Madrid"]
[Source "lmi"]
[SourceDate "2015.06.20"]

1. e4 e6 2. d4 d5 3. Nc3 Bb4 4. e5 c5 5. Bd2 Nh6 6. Nf3 Nf5 7. dxc5 O-O 8. Na4
Nc6 9. Bd3 f6 10. Bxf5 exf5 11. Bxb4 Nxb4 12. O-O fxe5 13. Nxe5 f4 14. Nc3 Be6
15. Nb5 Nc6 16. Nxc6 bxc6 17. Nd4 Bd7 18. c4 f3 19. Nxf3 Bg4 20. cxd5 cxd5 21.
Qd4 Bxf3 22. gxf3 Rf5 23. Kh1 Qd7 24. Rg1 g6 25. Rg3 Raf8 26. Rag1 Qe6 27. Qe3
Re5 28. Qd3 Rf6 29. Rg5 Rff5 30. Rxf5 Rxf5 31. Rg3 Rf4 32. Rg4 Rf5 33. Kg2 Kf7
34. Qe3 Re5 35. Qa3 Qd7 36. Rf4+ 1-0

[Event "7. Abierto Int. Carlos I Silgar 2015"]
[Site "Sanxenxo ESP"]
[Date "2015.06.28"]
[Round "9.9"]
[White "Piasetski, Leon"]
[Black "Yebra-Pimentel Brea, Carlos"]
[Result "1-0"]
[WhiteElo "2272"]
[BlackElo "2026"]
[PlyCount "55"]
[EventDate "2015.06.20"]
[EventType "swiss"]
[EventRounds "9"]
[EventCountry "ESP"]
[SourceTitle "Ajedrez en Madrid"]
[Source "lmi"]
[SourceDate "2015.06.20"]

1. Nf3 Nf6 2. c4 e6 3. d4 d5 4. cxd5 exd5 5. Nc3 c6 6. Bg5 h6 7. Bh4 Be7 8. Qc2
Be6 9. e3 Nbd7 10. Bd3 Rc8 11. O-O O-O 12. Rab1 c5 13. Bf5 b5 14. Bxe6 fxe6 15.
Nxb5 cxd4 16. Qe2 e5 17. exd4 e4 18. Ne5 Nxe5 19. dxe5 Nd7 20. Bg3 a6 21. Nc3
e3 22. Qxe3 Nb6 23. Rfc1 Rc4 24. Qd3 Bc5 25. b3 Rd4 26. Qxa6 Rxf2 27. Bxf2 Qh4
28. Qe2 1-0

[Event "7. Abierto Int. Carlos I Silgar 2015"]
[Site "Sanxenxo ESP"]
[Date "2015.06.28"]
[Round "9.10"]
[White "Portela Peleteiro, Alberto"]
[Black "Iwanow, Anna"]
[Result "1-0"]
[WhiteElo "2105"]
[BlackElo "2251"]
[PlyCount "85"]
[EventDate "2015.06.20"]
[EventType "swiss"]
[EventRounds "9"]
[EventCountry "ESP"]
[SourceTitle "Ajedrez en Madrid"]
[Source "lmi"]
[SourceDate "2015.06.20"]

1. e4 c5 2. Nc3 Nc6 3. Nge2 e6 4. d4 cxd4 5. Nxd4 Qc7 6. Be3 Nf6 7. Qd2 a6 8.
f4 Bb4 9. Bd3 b5 10. a3 Be7 11. h3 Bb7 12. O-O b4 13. axb4 Nxb4 14. Nb3 d5 15.
e5 Ne4 16. Bxe4 dxe4 17. Qf2 Rc8 18. Rfd1 Ba8 19. Rd2 O-O 20. Kh1 Qc6 21. Rad1
Qe8 22. Nc5 Bc6 23. Nd7 Bxd7 24. Rxd7 f6 25. exf6 Rxf6 26. Rb7 Rg6 27. Rdd7 Bf8
28. Qd2 Rg3 29. Qf2 Rg6 30. Qd2 Rg3 31. Qf2 Rg6 32. Qd2 Rg3 33. Nxe4 Rxc2 34.
Nxg3 Rxd2 35. Bxd2 Nd5 36. f5 Nf6 37. fxe6 Qxe6 38. Rd8 Qe5 39. Bb4 Ne8 40.
Rbb8 Qxg3 41. Rxe8 h6 42. Rxf8+ Kh7 43. Bc3 1-0